000 00867nam a22001937a 4500
999 _c61062
_d61062
005 20231213110837.0
008 231213s1958 ru ||||| |||| 00| 0 rus d
041 _arus
080 _a821.14'02 Г-81
245 _aГреческая трагедия:
_bУчеб. пособие для пед. ин-тов /
_cА.Ф. Лосев, Г.А. Сонкина, Н.А. Тимофеева, Н.М. Черемухина.
264 _aМосква:
_bУчпедгиз,
_c1958.
300 _a203 с.
_bил.;
_c23 см.
653 _aბერძნული ტრაგედია
700 _aЛосев, А.Ф.
_eავტორი
_920142
700 _aСонкина, Г.А.
_eავტორი
_920686
700 _aТимофеева, Н.А.
_eავორი
_920196
700 _aЧеремухина, Н.М.
_eავტორი
_920687
942 _2udc
_cᲬᲘᲒᲜᲘ